Contribuciones al análisis de confiabilidad y validez del inventario biográfico para el diagnóstico de trastornos del comportamiento (IBC) /
Spremljeno u:
| Glavni autor: | |
|---|---|
| Format: | Knjiga |
| Jezik: | Spanish |
| Teme: | |
| Oznake: |
Dodaj oznaku
Bez oznaka, Budi prvi tko označuje ovaj zapis!
|
MARC
| LEADER | 00000nam a22000007a 4500 | ||
|---|---|---|---|
| 003 | cru IIS | ||
| 005 | 20231020062559.0 | ||
| 008 | 220801b |||||||| |||| 00| 0 spa d | ||
| 040 | |c cru IIS | ||
| 100 | 1 | |9 9404 |a Jensen Pennington, Henning |e Autor | |
| 245 | 1 | |a Contribuciones al análisis de confiabilidad y validez del inventario biográfico para el diagnóstico de trastornos del comportamiento (IBC) / |c Jensen P., Henning | |
| 300 | |a 37 páginas: |b tablas | ||
| 500 | |a Colección Centroamérica | ||
| 650 | 0 | |a PSICOLOGIA |9 3105 | |
| 650 | 0 | |9 6439 |a COMPORTAMIENTO | |
| 651 | 0 | |9 32 |a COSTA RICA | |
| 773 | 0 | |0 18811 |9 3264 |a Universidad de Costa Rica. Instituto de Investigaciones en Psicología |d San José, C.R.: Editorial de la UCR |o 03665 |t Actualidades en Psicología / | |
| 942 | |2 ddc |c PP | ||
| 999 | |c 44452 |d 44452 | ||
